1977 1316 1968 1671 1321 1234 1382 1435 1532 1100 1420 1949 1158 1351 1258 1194 1464 1617 1892 1571 1480 1660 1258 1719 1548 1749 1212 1617 1767 1506 1938 1258 1210 1833 1164 1314 1209 1507 1069 1257 1044 1586 1703 1627 1171 1494 1833 1510 1628 1143 1746 1437 1431 1422 1169 1118 1685 1471 1908 1857 1230 1187 1102 1105 1039 1523 1706 1740 1904 1638 1842 1287 1461 1915 1856 1446 1121 1149 1330 1955 1503 1154 1436 1346 1056 1412 1741 1426 1457 1570 1112 1398 1650 1458 1802 1349 1890 1514 1397 BCNSPRNW ULIB Ver.6.0+V

เปลี่ยนเป็นภาษาไทย

Change to English
 แสดงรายละเอียดบรรณานุกรม
  กลับหน้าหลัก

Brief Record : Get Marc (ISO 2709) : E-mail record : QR code < ปิดหน้าต่าง
LEADER : 00000nam 2200000uu 4500
001    13399110167
003     ULIB
008    110425s2548||||th 000 0 tha d
020    974991922X
060  4 WK810^bฐ224ร 2548
100 0  ฐิติชัย ลาภจรัสสุริยา
245 00 รู้จักโรคเบาหวานและอาหารสำหรับผู้ป่วย/^cฐิติชัย ลาภจรัสสุริยา
260    กรุงเทพฯ:^bบ้านหนังสือ,^c2548
300    152 หน้า
650  7 เบาหวาน
650  7 อาหราสำหรับเบาหวาน
995    ทศพร
999 ^a ใช้งานได้ทุกระบบ
รายการนี้ยังไม่มีแท็ก
คุณยังไม่ได้ล็อกอิน คุณสามารถมีกิจกรรมร่วมกับเว็บไซต์ได้ แต่ต้องล็อกอินก่อน ::
  ล็อกอิน

รายการสื่อสารสนเทศ

ลำดับที่ ประเภท เลขเรียก/บาร์โค้ด สถานที่ สถานะ
- ไม่พบข้อมูล -

รายการใกล้เคียง
    หัวเรื่อง [เบาหวาน]

BibComment


ยังไม่เคยถูกคอมเมนท์

คอมเมนท์ทรัพยากรรายการนี้
  คอมเมนท์: รู้จักโรคเบาหวานแ..


 Copyright 2026. Bcnsprnw @Library